Essentials of Non-Chordates and Chordates: (Record no. 180782)
[ view plain ]
| 000 -LEADER | |
|---|---|
| fixed length control field | 00637nam a22001937a 4500 |
| 005 - DATE AND TIME OF LATEST TRANSACTION | |
| control field | 20210818113502.0 |
| 010 ## - LCCN (DPL NO) | |
| LC control number | ENG-129740 |
| 020 ## - INTERNATIONAL STANDARD BOOK NUMBER | |
| Terms of availability | 625.00 |
| 035 ## - SYSTEM CONTROL NUMBER | |
| System control number | EN-113413 |
| 037 ## - SOURCE OF ACQUISITION | |
| Source of stock number/acquisition | DBAD/PUB |
| 082 ## - DEWEY DECIMAL CLASSIFICATION NUMBER | |
| Classification number | 590 |
| 100 ## - MAIN ENTRY--PERSONAL NAME | |
| Personal name | Aminul Islam |
| 245 ## - TITLE STATEMENT | |
| Title | Essentials of Non-Chordates and Chordates: |
| Statement of responsibility, etc | Aminul Islam |
| 250 ## - EDITION STATEMENT | |
| Edition statement | 2020 |
| 260 ## - PUBLICATION, DISTRIBUTION, ETC. (IMPRINT) | |
| Place of publication, distribution, etc | New Delhi |
| Name of publisher, distributor, etc | Books & Allied |
| Date of publication, distribution, etc | 2020 |
| 270 ## - ADDRESS | |
| City | New Delhi |
| Address | 1st Floor, No.1-E(1), ‘SHUBHAM PLAZA, 83/1, Beleghata Main Road, Kolkata, West Bengal |
| Postal code | 700010 |
| Telephone number | 03323740062 |
| Electronic mail address | booksandallied1960@gmail.com |
| 300 ## - PHYSICAL DESCRIPTION | |
| Extent | xi;759p. |
| Dimensions | 22cm (pbk) |
| 942 ## - ADDED ENTRY ELEMENTS (KOHA) | |
| Source of classification or shelving scheme | Dewey Decimal Classification |
| Item type | English Books |
| Call number prefix | AMI |
| Classification part | 590 |
| Withdrawn status | Lost status | Not for loan | Collection code | Home library | Current library | Date acquired | Source of acquisition | Cost, normal purchase price | Full call number | Barcode | Copy number | Cost, replacement price | Koha item type |
|---|---|---|---|---|---|---|---|---|---|---|---|---|---|
| Non-fiction | Sarojini Nagar | Sarojini Nagar | 18/08/2021 | DBAD/PUB | 625.00 | 590 | EN-113272 | 1 | 625.00 | English Books |
